| 000 | 00645nam a22002057a 4500 | ||
|---|---|---|---|
| 003 | OSt | ||
| 005 | 20251124150609.0 | ||
| 008 | 251124b |||||||| |||| 00| 0 eng d | ||
| 020 | _a978-0-07-110205-6. | ||
| 040 |
_aDWCL-Main lib. _cOC |
||
| 082 | _aCirc. 620.106 C573e 2008 | ||
| 100 | _aCimbala, John M. | ||
| 245 |
_aEssentials of fluid mechanics : _bfundamentals and applications _cJohn M. Cimbala |
||
| 260 |
_aBoston : _b Mcgraw-Hill Education, _cc2008. |
||
| 300 |
_axix, 584 p. : _b ill. ; _c25 cm. |
||
| 504 | _aIncludes index. | ||
| 650 | _aFluid mechanics. | ||
| 700 | _aCengel, Yunus A. | ||
| 942 |
_2ddc _cBK-CIRC _hCirc. _n0 |
||
| 999 |
_c6117 _d6117 |
||